LEADER 01000nam a2200241 4500 001 000000363411 003 CaOOAMICUS 005 20250627121214.0 008 250627s2023 be a 000 u eng r 020 $a978-1-909400-98-6 040 $aSeMil$bita 100 1 $aRosand, David,$d<1938-2014>.$0(OLS)http://semarc/name/122331 245 10$aPaolo Veronese /$cDavid Rosand ; Mary E. Frank editor. 264 1$aLondon ; Turnhout :$bHarvey Miller,$c2023. 300 $a376 p. :$briccamente ill. ;$c31 cm 600 14$aVeronese, Paolo <1528-1588>.$0(OLS)http://semarc/subject/23677 700 1 $aFrank, Mary E.$0(OLS)http://semarc/name/122332 850 $aSeMil 852 $aSeMil$W1$xVenegono$y1$m5F XII 43$j259314$B254262$CSeMilBibl$Z2$F254262 $81 996 $6020$a978-1-909400-98-6$9(OLS)http://semarc/number/303543 996 $6245$aPaolo Veronese$9(OLS)http://semarc/title/228976 996 $6264$aLondon ; Turnhout :$bHarvey Miller$9(OLS)http://semarc/publisher/60028 LEADER 01205nam a2200277 4500 001 000000351943 003 CaOOAMICUS 005 20221103115830.0 008 221019s2018 it 000 u ita r 020 $a978-88-01-06425-4 040 $aSeMil$bita 110 2 $aAssociazione italiana catecheti .$0(OLS)http://semarc/name/38526 245 10$aCatechesi e segni dei tempi /$cAssociazione Italiana Catecheti ; a cura di Cettina Cacciato. 264 1$aTorino :$bElledici,$c2018. 300 $a143 p. ;$c24 cm 490 1 $aStudi e ricerche di catechetica. Nuova serie 650 4$aCatechesi.$0(OLS)http://semarc/subject/3693 700 1 $aCacciato, Cettina.$0(OLS)http://semarc/name/116672 830 0$aStudi e ricerche di catechetica. Nuova serie.$0(OLS)http://semarc/title/41517 850 $aSeMil 852 $aSeMil$W1$xVenegono$y1$m2C VI 80$j235465$B243123$CSeMilBibl$Z2$F243123 $81 961 $aLorenzi don Ugo - Omaggio 996 $6020$a978-88-01-06425-4$9(OLS)http://semarc/number/296974 996 $6245$aCatechesi e segni dei tempi$9(OLS)http://semarc/title/441745 996 $6264$aTorino :$bElledici$9(OLS)http://semarc/publisher/30644